Illustrated textbook of elementary physiology

محفوظ في:
التفاصيل البيبلوغرافية
المؤلف الرئيسي: Koji Uchizono
التنسيق: كتاب
اللغة:Undetermined
منشور في: Tokyo The International Nursing Foundation of Japan 1980
الموضوعات:
الوسوم: إضافة وسم
لا توجد وسوم, كن أول من يضع وسما على هذه التسجيلة!
Thư viện lưu trữ: Trung tâm Học liệu Trường Đại học Cần Thơ
LEADER 00536nam a2200181Ia 4500
001 CTU_7784
008 210402s9999 xx 000 0 und d
082 |a 612.64 
082 |b U17 
100 |a Koji Uchizono 
245 0 |a Illustrated textbook of elementary physiology 
245 0 |c Koji Uchizono 
260 |a Tokyo 
260 |b The International Nursing Foundation of Japan 
260 |c 1980 
650 |a medicine,physiology 
904 |i Nguyễn Huỳnh Mai, 960830 
980 |a Trung tâm Học liệu Trường Đại học Cần Thơ